000 00363nam a2200145Ia 4500
008 200103s9999||||xx |||||||||||||| ||und||
020 _a9780230332775
040 _aIMU-MPC
082 _aColumn-64
100 _aQuayum, Mohammad A.
245 0 _aRabindranath Tagore: Selected Short Stories
260 _bMacmillan, London
_c2011
300 _a160
942 _cBK
999 _c11418
_d11418